000 00334nam a2200145Ia 4500
999 _c14184
_d14184
003 OSt
005 20260312112347.0
008 260210s9999 xx 000 0 und d
020 _a9787503864797
082 _a728.37
100 _aJ Tart
245 0 _a100 Top Houses & Landscapes III
260 _bJ Tart
_c2010
942 _cBPLAN
_2ddc